[Event "Komercni Banka op"]
[Site "Pardubice"]
[Date "1996.??.??"]
[Round "9"]
[White "Krustkalns, Kristaps"]
[Black "Torounova, Elena"]
[Result "0-1"]
[WhiteElo "2080"]
[BlackElo "2195"]

1.e4 d6 2.d4 Nf6 3.Nc3 e5 4.Nf3 Nc6 5.Bc4 Bg4 6.dxe5 dxe5 7.Qxd8+ Rxd8 8.O-O Be6
9.Bb5 Bd6 10.Bg5 a6 11.Ba4 h6 12.Bxf6 gxf6 13.Nd5 f5 14.Rfe1 fxe4 15.Nf6+ Ke7
16.Nxe4 f5 17.Bxc6 bxc6 18.Ng3 f4 19.Nh5 Rdg8 20.h4 Bg4 21.Nxe5 Bxh5 22.Ng6+ Kf6
23.Nxh8 Bf3 24.g3 Bc5 25.h5 Rxg3+ 26.Kh2 Rg5  0-1

[Event "Paris op"]
[Site "Paris"]
[Date "1996.??.??"]
[Round "4"]
[White "Dunnington, Angus J"]
[Black "Manouck, Thierry"]
[Result "1-0"]
[WhiteElo "2450"]
[BlackElo "2285"]

1.d4 d6 2.e4 Nf6 3.Nc3 e5 4.Nf3 Nbd7 5.Bc4 Be7 6.O-O O-O 7.a4 a5 8.Re1 c6
9.Ba2 h6 10.Nh4 d5 11.exd5 Nxd5 12.Nf5 Bg5 13.Bxd5 cxd5 14.Nxd5 Re8 15.Bxg5 hxg5
16.dxe5 Ra6 17.Ra3 g4 18.Rc3 Rc6 19.Rce3 Qg5 20.e6 Rcxe6 21.Rxe6 Rxe6 22.Nfe7+ Kf8
23.Re3 Rxe3 24.fxe3 Nb6 25.Nxb6 Qxe3+ 26.Kh1 Qxb6 27.Nxc8  1-0

[Event "Paris op"]
[Site "Paris"]
[Date "1996.??.??"]
[Round "6"]
[White "Riemersma, Liafbern"]
[Black "Manouck, Thierry"]
[Result "1-0"]
[WhiteElo "2390"]
[BlackElo "2285"]

1.e4 d6 2.d4 Nf6 3.Nc3 Nbd7 4.Nf3 e5 5.Bc4 Be7 6.O-O O-O 7.Re1 c6 8.a4 a5
9.h3 h6 10.Ba2 Re8 11.Nh4 exd4 12.Qxd4 Ne5 13.Be3 Nh7 14.Nf5 Bxf5 15.exf5 Bf6
16.Qd2 d5 17.Rad1 Ng5 18.Qe2 Nef3+ 19.gxf3 Bxc3 20.bxc3 Nxh3+ 21.Kg2 Nf4+
22.Bxf4 Rxe2 23.Rxe2 Qh4 24.Rd4 Qh5 25.c4 dxc4 26.Bxc4 Qxf5 27.Be5 h5 28.Bg3 Rf8
29.Re5 Qf6 30.Rh4 g6 31.Rxa5 Re8 32.Rf4 Qd8 33.Rxf7 Kh8 34.Be5+ Rxe5 35.Rxe5 b5
36.axb5 cxb5 37.Bxb5  1-0

[Event "ARG-ch"]
[Site "Pena City"]
[Date "1996.??.??"]
[Round "1"]
[White "Ginzburg, Maximiliano"]
[Black "Tempone, Marcelo"]
[Result "1-0"]
[WhiteElo "2425"]
[BlackElo "2455"]

1.e4 d6 2.d4 Nf6 3.Nc3 e5 4.Nf3 Nbd7 5.Bc4 Be7 6.O-O O-O 7.a4 c6 8.a5 Rb8
9.d5 cxd5 10.exd5 Ne8 11.Be3 a6 12.Qe2 f5 13.Na4 Bf6 14.Nd2 Kh8 15.f3 Bg5
16.b4 Bxe3+ 17.Qxe3 Nc7 18.Bb3 Nb5 19.c3 Nf6 20.Rac1 Bd7 21.Nb6 Be8 22.Ba2 f4
23.Qf2 Bg6 24.Rfe1 Nd7 25.Nb3 e4 26.c4 e3 27.Qb2 Nc7 28.Nxd7 Qxd7 29.Nd4 Qe7
30.b5 Qe5 31.b6 Ne8 32.Qc3 Bf7 33.Bb1 Nf6 34.Nf5 Qxc3 35.Rxc3 Rfd8 36.g3 Rbc8
37.Rcc1 g6 38.Nd4 Nh5 39.Kg2 Re8 40.Bd3 Nf6 41.Ne2 fxg3 42.hxg3 Nd7 43.Nd4 Nc5
44.Bc2 Re7 45.Bb1 Kg7 46.Kf1 Kf6 47.Ke2 h5 48.Rh1 Kg7 49.Bc2 Kf6 50.g4 hxg4
51.fxg4 Kg7 52.Rcf1 Bg8 53.Rf4 Nd7 54.Rhf1 Ne5 55.Bd3 Rce8 56.Re4 Nd7 57.Rxe7+ Rxe7
58.Rf3 Ne5 59.Rxe3 Kf6 60.Nf3 Nxg4 61.Rxe7 Kxe7 62.Bxg6 Nf6 63.Bf5 Kd8 64.Ng5 Nxd5
65.cxd5 Bxd5 66.Ke3 Bc6 67.Kd4 Bd7 68.Bc2 Bc6 69.Ne6+ Kc8 70.Nc7 Kb8 71.Bf5 Bf3
72.Ne8 Bc6 73.Nxd6 Bf3 74.Nc4 Bg2 75.Ne5 Ka8 76.Nd3 Kb8 77.Nc5 Bf3 78.Bd3 Bg2
79.Bxa6 bxa6 80.Nxa6+ Kb7 81.Nc5+ Kb8 82.a6 Bf3 83.Nd7+ Kc8 84.Ne5 Be2 85.b7+  1-0

[Event "ARG-ch"]
[Site "Pena City"]
[Date "1996.??.??"]
[Round "9"]
[White "Ricardi, Pablo"]
[Black "Valerga, Diego"]
[Result "1-0"]
[WhiteElo "2535"]
[BlackElo "2445"]

1.e4 d6 2.d4 Nf6 3.Nc3 e5 4.dxe5 dxe5 5.Qxd8+ Kxd8 6.Bc4 Be6 7.Bxe6 fxe6
8.Be3 Bd6 9.f3 Nc6 10.Nh3 Ke7 11.O-O-O h6 12.Nf2 Rad8 13.a3 Nd7 14.h4 Nb6
15.Nd3 Nc4 16.Bf2 a6 17.Nb1 b5 18.Nd2 Nd4 19.h5 Kf7 20.Kb1 Nxd2+ 21.Rxd2 Nc6
22.Bg3 Rdg8 23.Rf2 g5 24.Rff1 Ke7 25.Nf2 Nd8 26.c4 Nf7 27.Rc1 bxc4 28.Rxc4 Rb8
29.Ka2 Rb5 30.Rhc1 Rhb8 31.R1c2 R8b7 32.Ng4 Kd7 33.Be1 Ke7 34.Ra4 R7b6 35.Bf2 c5
36.Rac4 Rc6 37.a4 Rb7 38.Bxc5 Bxc5 39.Rxc5 Rxc5 40.Rxc5 Kd6 41.Rc8 Ke7 42.Ka3 Rd7
43.Rc6 Rd2 44.Rxa6 Re2 45.Ra7+ Kf8 46.Rd7  1-0

[Event "ARG-ch"]
[Site "Pena City"]
[Date "1996.??.??"]
[Round "9"]
[White "Fiorito, Fabian"]
[Black "Tempone, Marcelo"]
[Result "0-1"]
[WhiteElo "2470"]
[BlackElo "2455"]

1.e4 d6 2.d4 Nf6 3.Nc3 e5 4.Nf3 Nbd7 5.g3 Be7 6.Bg2 O-O 7.O-O c6 8.a4 Qc7
9.h3 b6 10.b3 Bb7 11.Ba3 Rfe8 12.Qd2 a6 13.dxe5 dxe5 14.Bxe7 Rxe7 15.Nh4 Nf8
16.Nf5 Rd7 17.Qe3 Ne6 18.Rad1 Rad8 19.Rxd7 Rxd7 20.h4 Qd8 21.f4 b5 22.Bh3 exf4
23.gxf4 b4 24.Ne2 c5 25.e5 Ne8 26.Qg3 Rd2 27.Rf2 Kh8 28.Ne3 c4 29.Nxc4 Rxc2
30.Qe3 Qxh4 31.Nd6 Nxd6 32.exd6 Bc6 33.Qd3 Rxe2 34.Rxe2 Nxf4 35.d7 Nxe2+
36.Qxe2 Bxd7 37.Bxd7 Qd4+ 38.Kh1 Qxd7 39.Qxa6 Qd5+ 40.Kg1 h5  0-1

[Event "ARG-ch"]
[Site "Pena City"]
[Date "1996.??.??"]
[Round "14"]
[White "Rosito, Jorge"]
[Black "Tempone, Marcelo"]
[Result "1/2-1/2"]
[WhiteElo "2420"]
[BlackElo "2455"]

1.e4 d6 2.d4 Nf6 3.Nc3 e5 4.Nge2 Be7 5.g3 Bg4 6.Bg2 exd4 7.Qxd4 Nc6 8.Qe3 O-O
9.Nf4 Re8 10.h3 Bd7 11.g4 Nb4 12.Qd2 Bc6 13.O-O Bf8 14.a3 Na6 15.b4 Nxe4
16.Nxe4 Bxe4 17.Bxe4 Rxe4 18.Qd5 Re8 19.Qxb7 Qc8 20.Qc6 Rb8 21.Be3 Qb7 22.Qxb7 Rxb7
23.c4 c6 24.Rfd1 Nc7 25.Rd2 Ne6 26.Rad1 Ng5 27.Kg2 f6 28.Nh5 Nf7 29.Ng3 Ra8
30.Rb1 Ne5 31.Rc2 Rab8 32.f4 Nf7 33.Rd1  1/2-1/2

[Event "Pico City op"]
[Site "Pico City"]
[Date "1996.??.??"]
[Round "1"]
[White "Quiroga, Facundo"]
[Black "Soppe, Guillermo"]
[Result "1-0"]
[WhiteElo "2305"]
[BlackElo "2485"]

1.d4 d6 2.e4 Nf6 3.Nc3 c6 4.h3 Nbd7 5.Nf3 e5 6.g3 Be7 7.Bg2 O-O 8.O-O b5
9.a3 Bb7 10.Nh4 g6 11.dxe5 dxe5 12.Bh6 Re8 13.Qd2 Nf8 14.Rfd1 Qxd2 15.Rxd2 a5
16.Be3 Ne6 17.Nf3 b4 18.Na4 Nxe4 19.Rd7 Bc8 20.Rxe7 Rxe7 21.Nxe5 Nd8 22.Nb6 Rxe5
23.Nxa8 Nxg3 24.axb4  1-0

[Event "SVK-CRO"]
[Site "Piestany"]
[Date "1996.??.??"]
[Round "?"]
[White "Pcola, Pavel"]
[Black "Petrov, Jole"]
[Result "1-0"]
[WhiteElo "2415"]
[BlackElo "2355"]

1.e4 d6 2.d4 Nf6 3.Nc3 Nbd7 4.Nf3 e5 5.Bc4 Be7 6.O-O O-O 7.Re1 c6 8.a4 a5
9.b3 exd4 10.Qxd4 Ng4 11.Ba3 Bf6 12.Qd2 Nde5 13.Bf1 Nxf2 14.Kxf2 Ng4+ 15.Ke2 b5
16.axb5 cxb5 17.Bb2 Ba6 18.Kd1 a4 19.b4 Rc8 20.Kc1 Ne5 21.Nd5  1-0

[Event "Plzen opJ-A"]
[Site "Plzen"]
[Date "1996.??.??"]
[Round "1"]
[White "Hitzgerova, Gabriela"]
[Black "Spirek, A."]
[Result "0-1"]
[WhiteElo "2125"]
[BlackElo "1895"]

1.e4 d6 2.d4 Nf6 3.Nc3 c6 4.Nf3 Bg4 5.Be2 e6 6.O-O d5 7.e5 Bxf3 8.Bxf3 Nfd7
9.Ne2 b5 10.Be3 Na6 11.Qd2 Be7 12.Ng3 c5 13.Be2 c4 14.Bg4 b4 15.f4 g6 16.Qf2 Bh4
17.Qf3 h5 18.Nxh5 gxh5 19.Bxh5 Qe7 20.f5 Bg5 21.Bxg5 Qxg5 22.Bxf7+ Ke7 23.Bxe6 Qh4
24.Qf4 Nb6 25.Rf3 Nc7 26.Raf1 Raf8 27.Qxh4+ Rxh4 28.c3 bxc3 29.bxc3 Nxe6
30.fxe6 Rxf3 31.Rxf3 Kxe6 32.Rf6+ Ke7 33.g3 Rh8 34.h4 Na4 35.Rf3 Nb2 36.Kg2 Nd1
37.Kf1 Rf8 38.Rxf8 Kxf8 39.h5 Nxc3 40.h6 Ne4 41.Ke1 Nxg3 42.e6 Nf5 43.h7 Kg7
44.h8=Q+ Kxh8  0-1

[Event "Plzen opJ-A"]
[Site "Plzen"]
[Date "1996.??.??"]
[Round "3"]
[White "Dolezal, Radoslav Jr"]
[Black "Spirek, A."]
[Result "1-0"]
[WhiteElo "2270"]
[BlackElo "1895"]

1.e4 d6 2.d4 Nf6 3.Nc3 c6 4.Nge2 Qa5 5.f3 e5 6.Be3 b5 7.a3 Bb7 8.Nc1 Qc7
9.Nd3 Nbd7 10.a4 a6 11.Be2 Be7 12.Qd2 Qa5 13.O-O b4 14.Nd1 c5 15.dxc5 dxc5
16.b3 O-O 17.N1b2 Rfd8 18.Nc4 Qc7 19.a5 Ne8 20.c3 bxc3 21.Qxc3 Nd6 22.Nb6 Nxb6
23.axb6 Qxb6 24.Bxc5 Qc7 25.Qa5 Qb8 26.Bb6 Re8 27.Nxe5 Nc8 28.Bc7 Qa7+ 29.Kh1 Bf6
30.Rad1 Bxe5 31.Bxe5 Qe3 32.Bd3 Nb6 33.Rfe1 Qh6 34.Bc7 Nd7 35.Bc4 Nf6 36.Qb6 Bc8
37.e5 Nh5 38.Qxh6 gxh6 39.Bd5 Ra7 40.Bc6 Re6 41.Rd8+ Kg7 42.Bb8 Rxc6 43.Bxa7 Be6
44.b4 Nf4 45.g3 Nh3 46.Rd2 Rc3 47.Kg2 Ng5 48.Be3 Rb3 49.Bxg5 hxg5 50.Re4 Bc8
51.Rf2 g4 52.e6 Bxe6 53.Rd4 gxf3+ 54.Rxf3 Bh3+ 55.Kf2 Rb2+ 56.Ke3 h5 57.Rf2 Rb1
58.Ke4 Be6 59.Rc2 Bh3 60.Kd5 Bf1 61.Rf4 Bh3 62.Kc5 Ra1 63.Kb6 Kg6 64.Rc6+ Be6
65.Ka7 Rb1 66.Kxa6  1-0

[Event "Plzen opJ-A"]
[Site "Plzen"]
[Date "1996.??.??"]
[Round "4"]
[White "Mazur, David"]
[Black "Zugaj, Zvijezdana"]
[Result "1/2-1/2"]
[WhiteElo "1960"]
[BlackElo "1925"]

1.e4 d6 2.d4 Nf6 3.Nc3 c6 4.f4 Qa5 5.Bd2 Qb6 6.e5 Nd5 7.Nxd5 cxd5 8.Bc1 dxe5
9.fxe5 Qg6 10.Nf3 Nc6 11.c3 Bg4 12.Bd3 Qh5 13.O-O f6 14.h3 Bd7 15.Be2 Qg6
16.e6 Bxe6 17.Ng5 Bf7 18.Bd3 Qh5 19.Qxh5 Bxh5 20.Ne6 Kf7 21.Nc7 Rd8 22.Nxd5 Bg6
23.Bxg6+ hxg6 24.Ne3 e6 25.b3 b5 26.Bb2 b4 27.Nc4 Rh5 28.Rad1 Rhd5 29.Ne3 Ra5
30.cxb4 Bxb4 31.a4 Be7 32.Bc3 Rh5 33.Kh1 Bb4 34.Bb2 Na5 35.Nc4 Nc6 36.Ne5+ Nxe5
37.dxe5 Rxd1 38.Rxd1 Ke7 39.Rd4 a5 40.exf6+ gxf6 41.Rc4 Rc5 42.Rxc5 Bxc5
43.Bc3 Bb6 44.g4 g5  1/2-1/2

[Event "Plzen opJ-A"]
[Site "Plzen"]
[Date "1996.??.??"]
[Round "5"]
[White "Neuman, Petr"]
[Black "Spirek, A."]
[Result "1-0"]
[WhiteElo "2205"]
[BlackElo "1895"]

1.d4 d6 2.e4 Nf6 3.Nc3 c6 4.h3 Nbd7 5.g4 b5 6.g5 b4 7.gxf6 bxc3 8.fxg7 Bxg7
9.bxc3 Qa5 10.Bd2 c5 11.Nf3 Bb7 12.Bd3 Qa4 13.Rg1 Bf6 14.Qe2 O-O-O 15.Kf1 Rhg8
16.Rxg8 Rxg8 17.e5 dxe5 18.dxe5 Bxe5 19.Nxe5 Bg2+ 20.Ke1 Bxh3 21.Qf3 Rg1+
22.Ke2 Bg2 23.Qxf7 Rxa1 24.Bf5 Bc6 25.Qe6 Bb5+ 26.c4 Bxc4+ 27.Nxc4 Rb1 28.Ne5 Rb7
29.Nxd7 Rxd7 30.Qxd7+  1-0

[Event "Plzen opJ-A"]
[Site "Plzen"]
[Date "1996.??.??"]
[Round "6"]
[White "Sott, Pavel"]
[Black "Zugaj, Zvijezdana"]
[Result "1-0"]
[WhiteElo "1935"]
[BlackElo "1925"]

1.e4 d6 2.d4 Nf6 3.Nc3 c6 4.f4 Qa5 5.Bd3 Bg4 6.Nf3 Nbd7 7.Be3 e5 8.O-O a6
9.h3 Bxf3 10.Qxf3 Be7 11.Kh1 h5 12.fxe5 dxe5 13.d5 Qc7 14.dxc6 Qxc6 15.Nd5 Qd6
16.Rad1 O-O-O 17.Nxe7+ Qxe7 18.Bg5 Kb8 19.Bc4 Rc8 20.Bb3 Rc6 21.Ba4 b5 22.Bb3 Re8
23.c3 Rh8 24.Rd2 Nc5 25.Bd5 Rd6 26.Rfd1 Qc7 27.Bxf6 Rxf6 28.Qe3 Rhh6 29.Bb3 Rh8
30.Rd5 Rc6 31.Bc2 f6 32.Qf3 g6 33.R1d2 Rf8 34.Qd1 Ne6 35.Bb3 Qb6 36.Rd6 Nc5
37.Rxc6 Qxc6 38.Rd8+ Rxd8 39.Qxd8+ Ka7 40.Bd5 Qd7 41.Qa8+ Kb6 42.b4 Nb7 43.a4 bxa4
44.c4 Qc7 45.c5+ Nxc5 46.bxc5+ Qxc5 47.Qd8+ Kb5 48.Qxf6 Qc3 49.Qxg6 a3 50.Kh2 h4
51.Qe8+ Ka5 52.Qd8+ Ka4 53.Qxh4 Qb2 54.Qf6  1-0

[Event "Plzen opJ-B"]
[Site "Plzen"]
[Date "1996.??.??"]
[Round "9"]
[White "Konigova, Petra"]
[Black "Mrnka, J."]
[Result "0-1"]
[WhiteElo "1800"]
[BlackElo "1645"]

1.e4 d6 2.d4 Nf6 3.Nc3 c6 4.Nf3 Bg4 5.h3 Bxf3 6.Qxf3 e6 7.Bg5 Be7 8.O-O-O Qa5
9.Bd2 Qc7 10.Qg3 g6 11.Be2 Nbd7 12.Rhe1 O-O-O 13.Be3 Kb8 14.e5 Nd5 15.Nxd5 cxd5
16.exd6 Bxd6 17.Qf3 Rc8 18.Bd3 Nb6 19.g3 Nc4 20.Bf4 Bxf4+ 21.Qxf4 Qxf4+ 22.gxf4 Nd6
23.f3 Ne8 24.Kd2 Ng7 25.c3 Nh5 26.Ke3 Rhe8 27.Bb5 Re7 28.Bd3 a6 29.Bc2 Rce8
30.h4 Nf6 31.Re2 Nd7 32.Rde1 Nb6 33.Kf2 Nc4 34.Bb1 b5 35.Bd3 Nd6 36.Bb1 Rb7
37.Bd3 Ka7 38.a3 a5 39.Rc2 Reb8 40.Ra1 h5 41.Re2 Ra8 42.Rc2 Kb8 43.Ke2 Kc7
44.Kf2 Kd7 45.Kf1 Ke7 46.Kf2 Kf6 47.Ke2 Rab8 48.Rac1 Nc8 49.Kf2 Na7 50.Ke1 Nc6
51.Kf2 b4 52.axb4 axb4 53.Ke3 bxc3 54.bxc3 Rb2 55.Kf2 R8b3 56.Rxb2 Rxb2+
57.Kg3 Rb3 58.Be2 Ne7 59.Bd3 Rb2 60.Rd1 Rb7 61.Rc1 Rc7 62.Rc2 Nc8 63.Rc1 Nb6
64.Bb5 Rb7 65.Be8 Nc4 66.Bc6 Rb3 67.Ba4 Ra3 68.Be8 Ne3 69.Bb5 Ra2 70.Bd3 Rd2
71.Bb1 Rd1 72.Rxd1 Nxd1 73.Bd3 Nxc3 74.Kf2 Na4 75.Ke2 Nb6 76.Ke3 Nc4+ 77.Kf2 Nd6
78.Kg2 Nf5 79.Kh3 Nxd4 80.Kg3 Kg7 81.Kg2 f6 82.Kg3 e5 83.fxe5 fxe5 84.Kf2 Nf5  0-1

[Event "Plzen opJ-A"]
[Site "Plzen"]
[Date "1996.??.??"]
[Round "9"]
[White "Novak, Pavel"]
[Black "Zugaj, Zvijezdana"]
[Result "1-0"]
[WhiteElo "2005"]
[BlackElo "1925"]

1.e4 d6 2.d4 Nf6 3.Nc3 c6 4.f4 g6 5.e5 Nd5 6.Bc4 Be6 7.Nxd5 cxd5 8.Bd3 Nc6
9.c3 Bg7 10.Nf3 dxe5 11.fxe5 Bg4 12.h3 Bxf3 13.Qxf3 Qd7 14.Be3 Rf8 15.O-O f5
16.exf6 Rxf6 17.Qg3 Kf7 18.h4 Kg8 19.Rxf6 exf6 20.h5 gxh5 21.Qf3 Re8 22.Kf2 Qg4
23.Qxd5+ Kh8 24.Qf5 Qxf5+ 25.Bxf5 Ne7 26.Bd3 Nd5 27.Bd2 f5 28.Rh1 Rf8 29.Rxh5 Ne7
30.Kf3 a6 31.Bf4 b5 32.Bd6 Re8 33.Bxf5  1-0

[Event "Polanica Zdroj op"]
[Site "Polanica Zdroj"]
[Date "1996.??.??"]
[Round "3"]
[White "Kozel, Roman"]
[Black "Dworakowska, Joanna"]
[Result "1-0"]
[WhiteElo "2365"]
[BlackElo "2265"]

1.e4 d6 2.d4 Nf6 3.Nc3 e5 4.dxe5 dxe5 5.Qxd8+ Kxd8 6.Bg5 Be6 7.f4 exf4 8.Nf3 h6
9.Bxf4 Nbd7 10.a3 Bc5 11.h3 Nh5 12.Bh2 Be3 13.g4 Nhf6 14.Rd1 h5 15.g5 Nh7
16.Nb5 Rc8 17.Nbd4 Nxg5 18.Nxe6+ fxe6 19.Ne5 Ke8 20.Rxd7 Nf3+ 21.Nxf3 Kxd7
22.Bb5+ Ke7 23.Ke2 Bb6 24.Bf4 Rhf8 25.Bg5+ Kf7 26.Bd7 Rb8 27.Ne5+ Kg8 28.Bxe6+ Kh7
29.Bf5+ Rxf5 30.exf5 Re8 31.Bf4 Bd4 32.Kf3 Rxe5 33.Bxe5 Bxe5 34.b3 Kg8 35.Rg1 Kf7
36.Ke4 Bf6 37.a4 h4 38.b4 Ke7 39.Rd1 Bc3 40.b5 Ke8 41.Rd3 Bf6 42.c4 b6 43.Kd5 Kf7
44.Re3 Be7 45.Re6 Bg5 46.Rg6 Bf4 47.Kc6 Bg3 48.Kb7  1-0

[Event "Polanica Zdroj op"]
[Site "Polanica Zdroj"]
[Date "1996.??.??"]
[Round "9"]
[White "Vysochin, Spartak"]
[Black "Vokac, Marek"]
[Result "1-0"]
[WhiteElo "2420"]
[BlackElo "2455"]

1.e4 d6 2.d4 Nf6 3.Nc3 c6 4.f3 e5 5.Nge2 Be7 6.Be3 O-O 7.Qd2 Nbd7 8.g4 Re8
9.Ng3 exd4 10.Bxd4 Ne5 11.Be2 Bf8 12.g5 Nfd7 13.f4 Ng6 14.h4 d5 15.h5 Ne7
16.exd5 cxd5 17.O-O-O Nc6 18.h6 Nxd4 19.Qxd4 Qb6 20.Nxd5 Qxd4 21.Rxd4 Nc5
22.Bb5 Ne6 23.Rdd1 Rd8 24.f5 Bd6 25.fxe6 Bxe6 26.Nh5 g6 27.Nhf6+ Kh8 28.Kb1 a6
29.Bc4 b5 30.Bb3 Rab8 31.Nc3 Bf5 32.Bxf7 Bf4 33.Nce4 a5 34.a3 b4 35.axb4 axb4
36.Rxd8+ Rxd8 37.Rf1 Be5 38.Re1 Rc8 39.Bb3 Rd8 40.Nd5 Rb8 41.Nef6 Bd6 42.Ne3 Bg3
43.Rf1 Bh4 44.Nxf5 gxf5 45.Rxf5 Ra8 46.Nd5 Bxg5 47.Nxb4 Bxh6 48.Nd5 Rb8 49.Bc4 Bg7
50.b4 Rc8 51.Bd3 Ra8 52.c3  1-0

[Event "Policka op"]
[Site "Policka"]
[Date "1996.??.??"]
[Round "8"]
[White "Kernazhitsky, Leonid"]
[Black "Karnik, Pavel"]
[Result "1-0"]
[WhiteElo "2320"]
[BlackElo "2280"]

1.e4 d6 2.d4 Nf6 3.Nc3 c6 4.f4 e5 5.Nf3 exd4 6.Nxd4 Nbd7 7.Be2 Nc5 8.Bf3 g6
9.O-O Bg7 10.Be3 O-O 11.e5 Nd5 12.Nxd5 cxd5 13.Nb5 Ne6 14.Nxd6 d4 15.Bxd4 Nxf4
16.Kh1 Ne6 17.Bc3 Qc7 18.Bd5 Rb8 19.Qd2 b5 20.Rae1 a6 21.Rf3 h6 22.Ne4 b4
23.Nf6+ Bxf6 24.exf6 Ng5 25.Be5  1-0

[Event "POR-CHN m"]
[Site "?"]
[Date "1996.??.??"]
[Round "5"]
[White "Zhu Chen"]
[Black "Galego, Luis"]
[Result "1/2-1/2"]
[WhiteElo "2380"]
[BlackElo "2445"]

1.d4 d6 2.e4 Nf6 3.Nc3 c6 4.a4 Qa5 5.Bd2 e5 6.Nd5 Qd8 7.Nxf6+ Qxf6 8.Bc3 Qg6
9.dxe5 Qxe4+ 10.Qe2 Qxe2+ 11.Nxe2 d5 12.Nd4 Nd7 13.f4 Nc5 14.Bb4 Ne6 15.Bxf8 Nxd4
16.Bxg7 Nxc2+ 17.Kf2 Rg8 18.Rc1 Bf5 19.Bf6 Nd4 20.Rg1 Nb3 21.Rc3 Nd2 22.Bd3 Bxd3
23.Rxd3 Ne4+ 24.Kf3 Nxf6 25.exf6 O-O-O 26.g4 Rd6 27.Rc1 Rxf6 28.Rxd5 Rh6
29.Kg3 Re6 30.Re5 Rxe5 31.fxe5 h5 32.h3 hxg4 33.hxg4 Kd7 34.a5 a6 35.Kf4 Ke6
36.Rd1 Rh8 37.Rd6+ Ke7 38.Rd3 Ke6 39.Rb3 Rd8 40.Rxb7 Rd4+ 41.Kg3 Ra4 42.b4 c5
43.bxc5 Rxa5 44.c6 Rxe5 45.c7 Rc5 46.Ra7 a5 47.Rxa5  1/2-1/2

[Event "POR-CHN m"]
[Site "?"]
[Date "1996.??.??"]
[Round "7"]
[White "Peng Xiaomin"]
[Black "Galego, Luis"]
[Result "1/2-1/2"]
[WhiteElo "2490"]
[BlackElo "2445"]

1.e4 d6 2.d4 Nf6 3.Nc3 c6 4.Nf3 Bg4 5.Be2 Nbd7 6.a4 a5 7.O-O e5 8.Be3 Be7
9.h3 Bh5 10.Nd2 Bxe2 11.Qxe2 O-O 12.Rad1 Re8 13.dxe5 dxe5 14.Nc4 Qc7 15.f4 Qb8
16.Kh1 Bd8 17.g4 exf4 18.Bxf4 Bc7 19.Bxc7 Qxc7 20.g5 Nd5 21.Qh2 Qxh2+ 22.Kxh2 N7b6
23.Nxd5 Nxc4 24.Nc7 Ne3 25.Nxa8 Nxf1+ 26.Rxf1 Rxa8 27.Rd1 Kf8 28.Kg3 Ke7
29.Kf4 Ra6 30.b3 Ra8 31.h4 Rh8 32.c3 h6 33.b4 hxg5+ 34.hxg5 axb4 35.cxb4 Ke6
36.b5 Rh4+ 37.Kf3 Rh3+ 38.Kf4 Rh4+ 39.Kf3 Rh3+ 40.Kf4 Rh4+  1/2-1/2

[Event "Portoroz"]
[Site "Portoroz"]
[Date "1996.??.??"]
[Round "?"]
[White "Mestrovic, Zvonimir"]
[Black "Golubovic, Boris"]
[Result "1/2-1/2"]
[WhiteElo "2470"]
[BlackElo "2385"]

1.e4 d6 2.d4 Nf6 3.Nc3 Nbd7 4.g4 h6 5.g5 hxg5 6.Bxg5 c6 7.Qd2 b5 8.Bg2 e5
9.Nce2 Be7 10.Ng3 g6 11.Nf3 Bb7 12.h4 c5 13.dxe5 dxe5 14.Qe2 Qa5+ 15.c3 b4
16.O-O bxc3 17.bxc3 Ba6 18.c4 Qa4 19.Rac1 Nh5 20.Nxh5 Rxh5 21.Bxe7 Kxe7 22.Rfd1 Kf8
23.Qd2 Nf6 24.Nxe5 Re8 25.Qf4 Rhxe5 26.Qxf6 Kg8 27.Rd8 Rxd8 28.Qxd8+ Qe8
29.Qa5 Bb7 30.Rd1 Qe7 31.Qd8+ Kg7 32.Qxe7 Rxe7 33.f3 Bc8 34.Rd5 Rc7 35.Bf1 Be6
36.Re5 Kf6 37.f4 Rc6 38.h5 gxh5 39.Rxh5 Ra6 40.Rxc5 Rxa2 41.f5 Bd7 42.e5+ Ke7
43.Bh3 Kd8 44.Bg4 a5 45.Rd5 Kc7 46.e6 fxe6 47.fxe6 Be8 48.e7 Rb2 49.Rxa5 Kd6
50.Rd5+ Kxe7 51.Rd4 Bc6 52.Kf1 Rb8 53.Be2 Rd8 54.Rh4 Kd6 55.Rh5 Kc7 56.Kf2 Re8
57.Rh6 Re5 58.Rf6 Bd7 59.Rg6 Bc6 60.Rf6 Bd7 61.Bf3 Be6 62.Kg3 Kd7 63.Rf4  1/2-1/2

[Event "Portoroz"]
[Site "Portoroz"]
[Date "1996.??.??"]
[Round "?"]
[White "Vospernik, Andrej"]
[Black "Doric, Nenad"]
[Result "1/2-1/2"]
[WhiteElo "2145"]
[BlackElo "2320"]

1.d4 d6 2.e4 Nf6 3.Nc3 Nbd7 4.Nf3 e5 5.dxe5 dxe5 6.Bc4 Bb4 7.O-O O-O 8.Qe2 c6
9.Ng5 b5 10.Bd3 Nc5 11.h3 Nxd3 12.cxd3 Nd7 13.f4 Be7 14.Nf3 exf4 15.Bxf4 b4
16.Na4 Nb6 17.Nxb6 axb6 18.Ne5 Bb7 19.Be3 c5 20.Rf2 Qc7 21.Nc4 Bc8 22.b3 Be6
23.Raf1 b5 24.Bf4 Qb7 25.Nd6 Qd7 26.e5 Ra6 27.Qe3 f6 28.Ne4 fxe5 29.Bxe5 Rxf2  1/2-1/2

[Event "Portoroz"]
[Site "Portoroz"]
[Date "1996.??.??"]
[Round "?"]
[White "Beliavsky, Alexander G"]
[Black "Bezold, Michael"]
[Result "1-0"]
[WhiteElo "2615"]
[BlackElo "2485"]

1.d4 d6 2.e4 Nf6 3.Nc3 c6 4.f4 Qa5 5.e5 Ne4 6.Qf3 Nxc3 7.Bd2 Qd5 8.Qxc3 Bf5
9.Nf3 dxe5 10.Bc4 Qd8 11.Qb3 e6 12.Qxb7 Be7 13.Qxa8 Qb6 14.O-O-O O-O 15.Nxe5 Bd6
16.Rhe1 Bxe5  1-0

[Event "CZE-ch U18"]
[Site "Prague"]
[Date "1996.??.??"]
[Round "2"]
[White "Novak, Pavel"]
[Black "Mrnka, J."]
[Result "1-0"]
[WhiteElo "2025"]
[BlackElo "1770"]

1.e4 d6 2.d4 Nf6 3.Nc3 c6 4.f4 Bg4 5.Nf3 e6 6.h3 Bxf3 7.Qxf3 Nbd7 8.e5 Nd5
9.Nxd5 cxd5 10.Bd3 Be7 11.O-O g6 12.b3 Qa5 13.Bb2 O-O 14.Kh1 f6 15.Qg4 f5
16.Qf3 dxe5 17.fxe5 Ba3 18.Bxa3 Qxa3 19.c4 Nb6 20.c5 Nd7 21.g4 f4 22.Qe2 Qb4
23.Qb2 Rf7 24.Rf3 Raf8 25.Rc1 Nb8 26.a3 Qa5 27.b4 Qd8 28.b5 Kh8 29.Qd2 Qg5
30.Qa5 h5 31.Rg1 a6 32.bxa6 bxa6 33.Qb6 Re8 34.c6 Rh7 35.c7 Nd7 36.Qxa6 hxg4
37.c8=Q  1-0

[Event "CZE-ch U18"]
[Site "Prague"]
[Date "1996.??.??"]
[Round "4"]
[White "Stankova, Zuzana"]
[Black "Mrnka, J."]
[Result "1-0"]
[WhiteElo "1850"]
[BlackElo "1770"]

1.e4 d6 2.d4 Nf6 3.Nc3 c6 4.f4 Bg4 5.Nf3 Nbd7 6.Be2 e6 7.O-O Be7 8.h3 Bxf3
9.Bxf3 Qb6 10.Kh1 e5 11.Ne2 O-O-O 12.a4 exd4 13.a5 Qc7 14.Qxd4 Kb8 15.Be3 c5
16.Qd2 Rhe8 17.c4 Kc8 18.b4 b6 19.Nc3  1-0

[Event "CZE-ch U18"]
[Site "Prague"]
[Date "1996.??.??"]
[Round "8"]
[White "Prochazka, V."]
[Black "Mrnka, J."]
[Result "0-1"]
[WhiteElo "1740"]
[BlackElo "1770"]

1.e4 d6 2.d4 Nf6 3.Nc3 c6 4.Bc4 Nbd7 5.Nf3 e5 6.Ng5 d5 7.exd5 cxd5 8.Nxd5 Nxd5
9.Bxd5 Qa5+ 10.c3 Qxd5 11.O-O Be7 12.f4 exf4 13.Nh3 O-O 14.Nxf4 Qc6 15.Re1 Bd6
16.d5 Qb6+ 17.Kh1 Nf6 18.Nh5 Nxh5 19.Qxh5 Qf2 20.Bg5 Qf5 21.Rf1 Qg4 22.Qxg4 Bxg4
23.h3 Bd7  0-1

[Event "Banicky Kahanec"]
[Site "Prievidza"]
[Date "1996.??.??"]
[Round "8"]
[White "Cicak, Slavko"]
[Black "Dobrotka, Martin"]
[Result "1/2-1/2"]
[WhiteElo "2445"]
[BlackElo "2210"]

1.e4 d6 2.d4 Nf6 3.Nc3 c6 4.a4 e5 5.Nf3 Qc7 6.h3 g6 7.Bc4 Bg7 8.O-O O-O 9.Be3 Nbd7
10.Qd2 Nxe4 11.Nxe4 d5 12.Nxe5 Nxe5 13.dxe5 dxe4 14.Bc5 Re8 15.Bd6 Qd8 16.Qf4 Be6
17.Bxe6 Rxe6 18.Rae1 f5 19.g4 Qh4 20.Qg3 Qxg3+ 21.fxg3 Bxe5 22.Bxe5 Rxe5
23.gxf5 gxf5 24.Rd1 Rae8 25.Rd7 e3 26.Rxb7 Rc5 27.c3 a5 28.Rd1 Rd5 29.Re1 h5
30.h4 f4 31.gxf4 Rf5 32.Ra7 Re6 33.Kg2 Rxf4 34.Rxa5 Rxh4 35.Kf3 Kf7 36.b3 Rf6+
37.Ke2 Rh2+ 38.Kd3 Rd6+ 39.Kc4 Rh4+ 40.Kc5 Rd3 41.Ra7+ Ke6 42.c4 Rxb3 43.Rc7 Rf4
44.Rxc6+ Kf5 45.a5 Rf2 46.Rb6 Ra3 47.Kb4 Rfa2 48.Rb5+ Ke4 49.Rxh5 Ra4+ 50.Kb3 R2a3+
51.Kb2 Rxa5 52.Rxe3+ Kxe3  1/2-1/2

[Event "Pula op"]
[Site "Pula"]
[Date "1996.??.??"]
[Round "?"]
[White "Susak, Zeljko"]
[Black "Malaniuk, Vladimir P"]
[Result "0-1"]
[WhiteElo "2235"]
[BlackElo "2585"]

1.e4 d6 2.d4 Nf6 3.Nc3 c6 4.f4 Qa5 5.Bd3 e5 6.Nf3 Nbd7 7.dxe5 dxe5 8.f5 b5
9.Qe2 Qc7 10.a4 b4 11.Nd1 Nc5 12.Ne3 Nxd3+ 13.cxd3 Ba6 14.Nc4 Nd7 15.O-O Bxc4
16.dxc4 Bc5+ 17.Kh1 f6 18.Be3 Bxe3 19.Qxe3 Qb6 20.c5 Qxc5 21.Qb3 Qe7 22.Rfd1 O-O-O
23.Rdc1 Nb8 24.Rc4 a5 25.Rac1 Rd6 26.Rc5 Qc7 27.Qc4 Rhd8 28.h3 Rd1+ 29.Rxd1 Rxd1+
30.Kh2 Kb7 31.Qc2 Qd6 32.Rxa5 Na6 33.Qc4 Qd3 34.Qe6 Qxe4 35.Rxa6 Qf4+ 36.g3 Qxf3
37.Ra7+ Kxa7 38.Qe7+ Ka6  0-1

[Event "CRO-Cup"]
[Site "Pula"]
[Date "1996.??.??"]
[Round "?"]
[White "Istvandi, Lajos"]
[Black "Ruck, Robert"]
[Result "0-1"]
[WhiteElo "2355"]
[BlackElo "2455"]

1.e4 d6 2.d4 Nf6 3.Nc3 Nbd7 4.Nf3 e5 5.Bc4 Be7 6.O-O O-O 7.a4 c6 8.Ba2 b6
9.Qe2 a6 10.Rd1 Qc7 11.dxe5 Nxe5 12.Nd4 Re8 13.Bf4 Bg4 14.f3 Bd7 15.Qd2 Ng6
16.Bg5 h6 17.Be3 d5 18.exd5 c5 19.Nde2 Bd6 20.Kh1 b5 21.Nc1 Re5 22.Kg1 Rae8
23.Bf2 b4 24.N3e2 c4 25.Bd4 Rxd5 26.g3 Ne5 27.Kg2 Bc6 28.Ng1 Nxf3 29.Nxf3 Rxd4
30.Qxd4 Bxf3+ 31.Kf1 Bxd1 32.Qxd1 Qc6  0-1

[Event "Pula op"]
[Site "Pula"]
[Date "1996.??.??"]
[Round "?"]
[White "Djeno, Mara"]
[Black "Pavasovic, Dusko"]
[Result "0-1"]
[WhiteElo "2200"]
[BlackElo "2425"]

1.e4 d6 2.d4 Nf6 3.Nc3 Nbd7 4.Be3 c6 5.f4 e5 6.Qf3 b5 7.Bd3 Be7 8.Nge2 Qc7
9.Ng3 exd4 10.Bxd4 b4 11.Nd1 c5 12.Bf2 c4 13.Be2 Bb7 14.Bd4 Nc5 15.Nf2 Ne6
16.Qe3 Nxd4 17.Qxd4 d5 18.Nf5 O-O 19.Ng4 Rfe8 20.exd5 Bxd5 21.Nxf6+ Bxf6
22.Qxd5 Bxb2 23.Rb1 Rad8 24.Qf3 Bc3+ 25.Kf1 Rd2 26.Ng3 Rd4 27.Qh5 Qxf4+ 28.Bf3 Rd2
29.Qf5 Qxf5 30.Nxf5 Rxc2 31.Nd6 Rd8 32.Rd1 b3 33.axb3 cxb3 34.Be2 Bb4 35.Rb1 Rxd6
36.Bd1 Rf6+ 37.Bf3 b2  0-1